000 00355nam a22001457a 4500
020 _a978-0-357-51771-0
082 _a658.15
100 _aBrigham, Eugene F.
245 _aFundamentals of Financial Management
250 _a11th
260 _aBoston:
_bCengage,
_c2022
300 _axxxvi, 661p.: ill.; 29cm
700 _aHouston, Joel F.
942 _cBK
999 _c22182
_d22182